Surveying. (Record no. 1342)

MARC details
000 -LEADER
fixed length control field 01624nac a22003251ib4500
003 - CONTROL NUMBER IDENTIFIER
control field EG-ScBUE
005 - DATE AND TIME OF LATEST TRANSACTION
control field 20250320102010.0
008 - FIXED-LENGTH DATA ELEMENTS--GENERAL INFORMATION
fixed length control field 250312s1994 ii af f 001 0 eng d
020 ## - INTERNATIONAL STANDARD BOOK NUMBER
International Standard Book Number 8170080797
020 ## - INTERNATIONAL STANDARD BOOK NUMBER
International Standard Book Number 8170080800
040 ## - CATALOGING SOURCE
Original cataloging agency EG-ScBUE
Language of cataloging eng
Description conventions rda
Transcribing agency EG-ScBUE
Modifying agency EG-ScBUE
082 04 - DEWEY DECIMAL CLASSIFICATION NUMBER
Classification number 526.9
Item number PUN
Edition number 22
100 1# - MAIN ENTRY--PERSONAL NAME
Personal name Punmia, B. C.,
Relator term author.
245 10 - TITLE STATEMENT
Title Surveying.
Number of part/section of a work volume 1,
Name of part/section of a work a text-book on surveying and levelling for degree, diploma and A.M.I.E. students /
Statement of responsibility, etc by Dr. B. C. Punmia, B.E. (Homs.), M.E. (Hons.), Ph.D., formerly, professor and head, department of civil engineering & dean, faculty of engineering, J.N.V. university, Jodhpur, Ashok Kumar Jain, consulting engineering, Arihant consultants, Bombai, Arun Kumar Jain, assistant professor of civil engineering, M.B.M. engineering college, Jodhpur.
250 ## - EDITION STATEMENT
Edition statement Thirteenth edition.
264 #1 - PUBLICATION, DISTRIBUTION, ETC. (IMPRINT)
Place of publication, distribution, etc Daryaganj, New Delhi :
Name of publisher, distributor, etc Laxmi Publications (P) Ltd.,
Date of publication, distribution, etc 1994.
300 ## - PHYSICAL DESCRIPTION
Extent 2 volumes :
Other physical details illustrations (some color), plates ;
Dimensions 24 cm
336 ## - CONTENT TYPE
Source rdacontent
Content type term text
Content type code txt
337 ## - MEDIA TYPE
Media type term unmediated
Source rdamedia
Media type code n
338 ## - CARRIER TYPE
Carrier type term volume
Carrier type code nc
Source rdacarrier
500 ## - GENERAL NOTE
General note Includes index.
500 ## - GENERAL NOTE
General note Includes Appendices.<br/>
505 ## - FORMATTED CONTENTS NOTE
Formatted contents note Volume 1. a text-book on surveying and levelling for degree, diploma and A.M.I.E. students -- Volume 2. a text-book for degree, diploma and A.M.I.E. students.
521 ## - TARGET AUDIENCE NOTE
Target audience note A text-book on surveying and levelling for degree, diploma and A.M.I.E. students.
650 #7 - SUBJECT ADDED ENTRY--TOPICAL TERM
Topical term or geographic name as entry element Surveying.
Source of heading or term BUEsh
655 ## - INDEX TERM--GENRE/FORM
Form subdivision Reading book
700 1# - ADDED ENTRY--PERSONAL NAME
Personal name Jain, Arun Kumar,
Relator term author.
700 1# - ADDED ENTRY--PERSONAL NAME
Personal name Jain, Ashok Kumar,
Relator term author.
942 ## - ADDED ENTRY ELEMENTS (KOHA)
Koha item type Book - Borrowing
Source of classification or shelving scheme Dewey Decimal Classification
Holdings
Withdrawn status Lost status Source of classification or shelving scheme Damaged status Not for loan Collection code Home library Current library Shelving location Date acquired Cost, normal purchase price Total Checkouts Full call number Barcode Date last seen Cost, replacement price Price effective from Koha item type
    Dewey Decimal Classification     Baccah Central Library Central Library First floor 04/09/2006 75.00   526.9 PUN 000003119 15/07/2025 93.75 04/09/2006 Book - Borrowing
    Dewey Decimal Classification     Baccah Central Library Central Library First floor 04/09/2006 75.00   526.9 PUN 000003118 15/07/2025 93.75 04/09/2006 Book - Borrowing